01719nam a2200337 a 450000100100000000500170001000800410002702000150006804000250008304100390010808200190014710000400016624000340020624500870024026000380032730000210036549000260038653400710041259000270048365000250051065000280053570000380056383000340060191000360063595201320067195201320080395201890093595201170112495201230124199900170136400002010920200929170253.0100721s2000 dr 000 f spa d a8481302066 aDO-SdBNPbspacBNPHU17aspaheng2Código de idiomas MARC a823.914bG619s1 aGolding, William,d1911-199394269710aLord of the files.lEspañol13aEl señor de las moscas /cWilliam Golding; traducción de Carles Serrat Mulà. aSanto Domingo :bEl Siglo,c2000. a198 p. ;c21 cm.1 aJoyas del mileniov21 aTítulo original: Lord of the filescBarcelona : Bibliotex, 2000. aInventariado, 2018/ YL 4aNovela inglesa91071 4aLiteratura inglesa94981 aCarles Serrat Mulà,etr.942698 0aJoyas del milenio;v21922251 aValidado. Control de calidad WM 001054708DSaGRbGRcHDd2010-07-21iLF1l0o823.914 G619sp20109-30r2020-06-25te. 3w2020-06-25yLFDSZPréstamo en sala 001054708DSaGRbGRcHDd2010-07-21iLF1l0o823.914 G619sp20109-40r2020-06-25te. 4w2020-06-25yLFDSZPréstamo en sala 001054708DSaGRbGRcHDd2013-05-16iLF1l0o823.914 G619sp20109-50r2020-06-25te. 5w2020-06-25yLFDSzPerteneció a la biblioteca personal de Sonia Ginebra.ZPréstamo en sala 0010718PDaPDbPDcHDd2010-07-21iLF1l0o823.914 G619sp20109-10r2020-06-25w2020-06-25yLFPDZNo se presta 0010718PDaPDbPDcHDd2010-07-21iLF1l0o823.914 G619sp20109-20r2020-06-25te. 2w2020-06-25yLFPDZNo se presta c19617d19617